| 000 -LEADER |
| fixed length control field |
00306nam a2200133Ia 4500 |
| 008 - FIXED-LENGTH DATA ELEMENTS--GENERAL INFORMATION |
| fixed length control field |
211112s9999 xx 000 0 und d |
| 020 ## - INTERNATIONAL STANDARD BOOK NUMBER |
| International Standard Book Number |
9788131729090 |
| 082 ## - DEWEY DECIMAL CLASSIFICATION NUMBER |
| Item number |
VIP-L |
| 100 ## - MAIN ENTRY--PERSONAL NAME |
| Personal name |
VIPUL SINGH |
| 245 #0 - TITLE STATEMENT |
| Title |
LOGNMAN VISTAS |
| 260 ## - PUBLICATION, DISTRIBUTION, ETC. |
| Place of publication, distribution, etc. |
DONATED BY V.C. SIR |
| Name of publisher, distributor, etc. |
D.K. |
| Date of publication, distribution, etc. |
2010 |
| 300 ## - PHYSICAL DESCRIPTION |
| Extent |
222 |
| 942 ## - ADDED ENTRY ELEMENTS (KOHA) |
| Koha item type |
Donated Books |